[Event "Grand Slam Final 3rd"]
[Site "Bilbao"]
[Date "2010.10.11"]
[Round "3"]
[White "Anand, Viswanathan"]
[Black "Kramnik, Vladimir"]
[Result "1/2-1/2"]
[WhiteElo "2800"]
[BlackElo "2780"]
[Annotator "Edouard,R"]
[PlyCount "67"]
[EventDate "2010.10.09"]
[EventType "tourn"]
[EventRounds "6"]
[EventCountry "ESP"]
[EventCategory "22"]
[SourceTitle "CBM 139"]
[Source "ChessBase"]
[SourceDate "2010.11.18"]
[SourceVersion "1"]
[SourceVersionDate "2010.11.18"]
[SourceQuality "1"]

1. d4 Nf6 2. c4 e6 3. Nf3 d5 4. g3 {The usual Catalan, one of Kramnik's
speciailities, with white pieces!} dxc4 5. Bg2 Nc6 6. Qa4 Bb4+ 7. Bd2 Nd5 8.
Bxb4 Ndxb4 9. O-O Rb8 10. Na3 {Clearly the most fashionable move.} O-O ({
The tempting} 10... a6 {seems to lead by force to the following continuation:}
11. Ne5 O-O 12. Nxc6 Nxc6 13. Qxc4 Qxd4 14. Bxc6 Qxc4 15. Nxc4 bxc6 {with a
slightly better endgame for White according to practise, due to Black's weak
pawn structure and rather bad pieces coordination.}) 11. Qb5 b6 12. Qxc4 Ba6
13. Nb5 Qd5 14. Qxd5 Nxd5 (14... exd5 $6 {is just wrong in my opinion, as it
is positionally weak and there is no tactical reason to play it:} 15. Nc3 Rfe8
16. Rfd1 Ne7 17. a3 Nbc6 18. b4 Bb7 19. Rdc1 {and White was better in
Huzman-Cornette, Montreal 2008.}) 15. a4 Na5 16. Ne5 Rbd8 17. Nxa7 (17. Bxd5 {
has already been tried, but it looks like Black simply equalized by force:}
Bxb5 $1 18. Bxe6 (18. axb5 {is more or less the same sketch:} Rxd5 19. b4 Nb3
20. Nc6 Nxa1 21. Rxa1 Ra8 22. Ne7+ Kf8 23. Nxd5 exd5 24. Rc1 Rc8 25. Ra1 Ra8
26. Rc1 Rc8 27. Ra1 {1/2-1/2 Rodshtein-Macieja, Copenhagen 2010}) 18... Be8 19.
b4 fxe6 20. bxa5 Rxd4 {and after more and more simplification, draw was agreed
in Grischuk-Gelfand (Sochi 2008) later on.}) 17... Nb4 18. Rac1 Rxd4 19. Rxc7
$146 {There comes the novetly! Actually, the impression I had is that both
players had more or less analyzed the rest of the game. After Kramnik's
perfect defense, Anand took some time in order to try to find out some ideas,
but could not disrupt the solid leader.} (19. Nb5 {has been played twice, and
twice gave White an edge. But according to Rybka 4, Black can defend with} Bxb5
20. axb5 f6 21. e3 Rdd8 $1 $146 (21... Rd2 22. Nf3 {was better for White in
Prohaszka-Csonka 2010.}) 22. Nf3 Rf7 {and Black seems to hold in spite of his
slightly misplaced knights on the border.}) 19... Bxe2 20. Rfc1 f6 $1 {Looks
like Kramnik knew that the following simplifications are leading to a draw.}
21. Nec6 Naxc6 22. Nxc6 Nxc6 23. R7xc6 Rfd8 24. h3 R8d6 {This is where Anand
spent the most of time (about 25 minutes). Taking into account that Kramnik
had more time on clock at this moment, the most logical explanation would be
that Anand couldn't find any "real try" at home. After having a new look at
the position over the board, he probably drew the same conclusion.} 25. Rxd6
Rxd6 26. Rc6 (26. b4 {was the other logical try, and I guess Black should hold
after} Rd4 $5 27. Rc2 (27. Re1 Rd2 28. Ra1 Kf7 29. a5 bxa5 30. bxa5 Ba6 $11) (
27. Rb1 e5 $11) 27... Bd1 28. Rc8+ Kf7 29. a5 bxa5 30. bxa5 Ra4 31. Ra8 Ra1 32.
Kh2 Be2 {and I believe White has no winning chances, as it is very difficult
to bring the so-needed King help the a-pawn.}) 26... Rxc6 27. Bxc6 e5 $1 {
Maybe not the only move to hold, but an important one from the technical
aspect. Black should gain some space and at the same time not let White go f4
and create Black and isolated pawn on e5 in the event of ...e5 move.} 28. f4
exf4 29. gxf4 Kf7 30. Kf2 Bc4 31. b4 g5 32. fxg5 fxg5 33. h4 {Setting a
definite draw.} gxh4 34. a5 1/2-1/2

[Event "EU-Cup 25th"]
[Site "Ohrid"]
[Date "2009.10.08"]
[Round "5.2"]
[White "Eljanov, Pavel"]
[Black "Akopian, Vladimir Eduardovic"]
[Result "1-0"]
[WhiteElo "2717"]
[BlackElo "2698"]
[Annotator "Eljanov,P"]
[PlyCount "83"]
[EventDate "2009.10.04"]
[EventType "team-swiss"]
[EventRounds "7"]
[EventCountry "MKD"]
[SourceTitle "CBM 133"]
[Source "ChessBase"]
[SourceDate "2009.11.19"]
[SourceVersion "1"]
[SourceVersionDate "2009.11.19"]
[SourceQuality "1"]
[WhiteTeam "Saratov Economist"]
[BlackTeam "Yerevan Mika"]
[WhiteTeamCountry "RUS"]
[BlackTeamCountry "ARM"]

1. d4 d5 2. c4 c6 3. Nf3 Nf6 4. Nc3 e6 5. g3 {Trying to play the Catalan with
the knight on c3 is a bit misguided usually. Der Versuch, den Katalanen mit
dem Springer auf c3 zu spielen, ist meist ein wenig fehlgeleitet.} dxc4 {
The most greedy reaction. Die gierigste Reaktion.} ({One day before Grischuk
took the opportunity to save the c4 soldier: Einen Tag zuvor nutzte Grischuk
die Gelegenheit, den c4-Soldaten zu retten:} 5... Nbd7 6. Qd3 $5 {I played a
similar line in the Catalan once. Like a big elephant in the city centre the
queen on d3 looks strange but it's also playable. Ein ähnliches Abspiel hatte
ich auch einmal im Katalanten. Die Dame auf d3 wirkt seltsam, wie ein großer
Elefant im Stadtzentrum, aber es ist auch spielbar.} b6 7. Bg2 Ba6 8. b3 Be7 9.
O-O O-O 10. Rd1 Rc8 11. e4 b5 12. cxd5 cxd5 13. e5 Ne8 14. Nxb5 Nc7 15. a4 Rb8
16. Qe3 Nxb5 17. axb5 Bxb5 18. Rxa7 Qb6 19. Ra1 Rfc8 20. Bd2 Rc6 21. Ra2 Qb7
22. Rda1 Ra6 23. Rxa6 Bxa6 24. h4 Bb5 25. h5 h6 26. g4 Ra8 27. Rc1 Ra3 28. g5
hxg5 29. Nxg5 Nf8 30. h6 gxh6 31. Nh3 Ba6 32. Qxh6 Nh7 33. Ng5 Bd3 34. Nxe6
fxe6 35. Qxe6+ Kh8 36. Bxd5 {[%emt 0:12:59] 1-0 Grischuk,A (2733)-Fressinet,L 
(2658)/Ohrid MKD 2009/ The Week in Chess}) 6. Bg2 b5 7. Ne5 Nd5 8. a4 Bb4 9.
O-O $1 {Maybe 9.Bd2 is not bad either, but a real Catalan player should be
ready to prefer to sac a second pawn to win a few tempi! Vielleicht ist auch 9.
Bd2 nicht übel, aber ein echter Katalanisch-Spieler sollte bereit sein, einen
zweiten Bauern zu opfern, um ein paar Tempi zu gewinnen!} O-O $1 ({My point is
Meine Pointe ist} 9... Nxc3 10. bxc3 Bxc3 11. axb5 $1 (11. Ra3 $1 {is also
very strong: ist ebenfalls sehr stark:} b4 12. Rxc3 bxc3 13. Ba3 $16) 11...
Bxa1 12. Ba3 Qxd4 13. Qxa1 Qxa1 14. Rxa1 {and despite the big material
advantage Black is paralysed and simply lost. und trotz des großen
Materialvorteils ist Schwarz paralysiert und einfach verloren.}) (9... Bxc3 10.
e4 $1 Bxb2 11. Bxb2 Ne7 {Here I have many attacking possibilities as Hier habe
ich viele Angriffsmöglichkeiten wie} 12. d5 $5 ({or oder} 12. axb5 $5 cxb5 13.
d5 {everything is far from clear, but I like my position. Alles ist keineswegs
klar, aber ich mag meine Stellung.})) (9... f6 10. e4 $5 Ne7 11. Nf3 $44 O-O
12. axb5 Bxc3 13. bxc3 cxb5 14. Ba3 Rf7 15. Re1 a6 16. Ra2 Nd7 17. Nh4 Nb6 18.
Bc5 Na4 19. Rxa4 bxa4 20. Qxa4 Qd7 21. Qxc4 Rb8 22. Bh3 g5 23. Ng2 h5 24. Ne3
g4 25. Bg2 Nc6 26. Qa2 Qb7 27. e5 fxe5 28. Nc4 Qd7 29. Nd6 Rf6 30. dxe5 Rg6 31.
Qc2 Rh6 32. Be3 Rh7 33. Ne4 Rf7 34. Nf6+ Rxf6 35. exf6 Ne5 36. Qe4 Rb5 37. Bd4
Bb7 38. Qf4 Nd3 39. f7+ Qxf7 40. Qh6 e5 41. Qg5+ Kh7 42. Bxb7 Rxb7 43. Rd1 exd4
44. Rxd3 Rb1+ 45. Kg2 Rb2 46. Kh1 Rxf2 {[%emt 0:33:29] 0-1 Ulibin Mikhail (RUS)
(2511)-Salgado Lopez Ivan (ESP) (2554)/Cappelle la Grande (France)}) 10. axb5
Bxc3 11. bxc3 cxb5 12. Ba3 Re8 13. e4 $1 Nf6 {Here I was very happy with my
position. I have a huge development advantage and many ways to attack on every
part of the board. But after a closer look I understood that things were not
as simple as all that.  Hier war ich sehr zufrieden mit meiner Stellung. Ich
habe Riesenentwicklungsvorsprung und viele Wege, überall auf dem Brett
anzugreifen. Aber nach eingehender Prüfung begriff ich, dass die Sache
keineswegs so einfach war.} 14. Qb1 (14. Nxf7 {This is only a forced draw.
Dies ist nur ein forciertes Remis.} Kxf7 15. e5 Nd5 16. Qh5+ Kg8 17. Be4 g6 18.
Bxg6 hxg6 19. Qxg6+ Kh8 $11 20. Rfe1 Nxc3 21. Re3 Bb7 22. Rxc3 (22. g4 Ne2+ $1
23. Rxe2 Nc6 24. Re3 Qh4) 22... Nc6 $11) ({At first sight I was very happy
with Auf den ersten Blick war ich sehr zufrieden mit} 14. Re1 {as I'm
threating to take on f7 already, but then I found , da ich bereits drohe, auf
f7 zu nehmen, aber dann fand ich} Qc7 $1 {and this is the only move, but after
it White could be happy to get the rook back to f1 some stage! und dies ist
der einzige Zug, aber danach könnte Weiß irgendwann froh sein, den Turm wieder
nach f1 zu bekommen!} (14... a6 15. Nxf7 Kxf7 16. e5 Nd5 17. Qh5+ Kg8 18. Be4
g6 19. Bxg6 hxg6 20. Qxg6+ Kh8 21. Qh6+ Kg8 22. Re4 $18)) ({But the immediate
Aber das sofortige} 14. f4 {was a good alternative: war eine gute Alternative:}
a6 (14... Bb7 15. Qb1) 15. g4 $40) 14... a6 15. f4 Qc7 (15... Bb7 $2 16. Nxc4)
16. g4 Bb7 17. g5 Nfd7 18. Ra2 $1 Nc6 19. Raf2 Rab8 20. Qd1 a5 21. Qh5 Ndxe5 $2
(21... g6 22. Qh6 b4 23. f5 $1 exf5 24. exf5 Nf8 (24... gxf5 25. g6 $18) 25.
Ng4 $18) (21... Nd8 $1 {looks awkward, but maybe the only way to hold the
position as I have no wirkt plump, ist aber vielleicht der einzige Weg, die
Stellung zu halten, denn dann geht nicht} 22. Rf3 Bxe4) 22. fxe5 b4 23. Bb2
Rbd8 24. Rf3 $1 {The decisive move. Der entscheidende Zug} (24. Rxf7 Re7 25.
R7f4 Qb6 $13) 24... g6 (24... bxc3 25. Rh3 (25. Bxc3 {is also not bad: ist
ebenfalls nichts übel:} Nxd4 (25... g6 26. Qh6) 26. Rh3 h6 27. gxh6 g6 28. Qg5
Qe7 29. h7+ Kh8 30. Bd2 $16) 25... h6 (25... cxb2 26. Qxh7+ Kf8 27. Qh8+ Ke7
28. Rxf7+ Kxf7 29. g6+ Kxg6 30. Qh5#) 26. gxh6 g6 27. Qg5 Qe7 28. h7+ Kh8 29.
Bc1 $18) 25. Qh6 f5 26. gxf6 Qf7 27. Qe3 $1 {I don't need to hurry now. Jetzt
brauche ich nichts zu überstürzen.} Rd7 28. h4 Red8 29. h5 bxc3 30. Bxc3 Nxd4
31. Rg3 Nb5 32. hxg6 hxg6 33. Qh6 Qh7 34. Rxg6+ Kh8 35. Bxa5 Ra8 36. Qg5 Rg8
37. f7 $1 {The final punch. Der Knockout.} Rxf7 38. Rxf7 Rxg6 39. Qd8+ Rg8 40.
Rxh7+ Kxh7 41. Qh4+ Kg6 42. Bd2 1-0

[Event "Madrid"]
[Site "Madrid"]
[Date "1996.05.13"]
[Round "5"]
[White "Topalov, Veselin"]
[Black "Morozevich, Alexander"]
[Result "1-0"]
[WhiteElo "2700"]
[BlackElo "2625"]
[Annotator "Ernst,T"]
[PlyCount "139"]
[EventDate "1996.05.08"]
[EventType "tourn"]
[EventRounds "9"]
[EventCountry "ESP"]
[EventCategory "17"]
[SourceTitle "CBM 053"]
[Source "ChessBase"]
[SourceDate "1996.08.01"]
[SourceVersion "1"]
[SourceVersionDate "1996.08.01"]
[SourceQuality "1"]

1. Nf3 Nf6 2. c4 e6 3. g3 d5 4. d4 dxc4 5. Bg2 c5 6. O-O Nc6 7. Ne5 Bd7 8. Na3
cxd4 9. Naxc4 Nxe5 10. Nxe5 Qb6 11. Nxd7 Nxd7 12. Qa4 O-O-O 13. Rd1 Be7 14.
Rxd4 Bc5 15. Rc4 Kb8 16. Kf1 e5 17. Bg5 Qxb2 18. Rcc1 Nb6 19. Qe4 Rd7 20. Rab1
Qd4 21. Qxd4 Bxd4 22. e3 h6 23. Bh3 hxg5 24. Bxd7 Bxe3 25. fxe3 Nxd7 26. Kg2 b6
27. Rb5 f6 28. Rc6 Re8 29. Rd5 Nc5 30. Kf3 Kb7 31. Rcd6 Kc7 32. Kg4 Rh8 33. h3
a5 34. Rd1 a4 35. a3 Ne4 36. Rd7+ Kc6 37. Kf3 f5 38. Kg2 Rc8 39. Rf7 Nc3 40.
Rc1 Kd5 41. Rxf5 Kc4 42. Rxg5 Kb3 43. Rxg7 Kxa3 44. h4 Kb2 45. Rf1 Rh8 46. Kh3
a3 47. Ra7 b5 48. g4 b4 49. g5 Rg8 50. Rg1 a2 51. Rg2+ Kb1 52. g6 b3 53. h5 b2
54. Ra3 $1 Rd8 (54... a1=Q $2 55. Rg1+ Kc2 56. Raxa1 bxa1=Q 57. Rxa1 $18) (
54... Nd1 55. Rd3 Nxe3 56. Rxe3 a1=Q 57. Re1+ Ka2 $13) (54... Ka1 55. Rxc3 b1=Q
56. Rcc2 $13) 55. Rxc3 $3 a1=Q 56. Rb3 $1 $18 Qa6 57. Rbxb2+ Kc1 58. Ra2 $1
Qe6+ 59. Kh2 Kb1 60. Rab2+ Kc1 61. Ra2 Kb1 62. Raf2 $1 Kc1 (62... Rd1 63. g7
Qg8 64. Rf8 $18) 63. g7 Qg8 64. Rf1+ Rd1 65. Rxd1+ Kxd1 66. h6 Ke1 67. Kg1 $1 {
/\ 68.h7} Qb3 68. g8=Q Qxe3+ 69. Kh1 Qxh6+ 70. Rh2 1-0

[Event "Tata Steel-A 80th"]
[Site "Wijk aan Zee"]
[Date "2018.01.14"]
[Round "2"]
[White "Karjakin, Sergey"]
[Black "Anand, Viswanathan"]
[Result "1/2-1/2"]
[WhiteElo "2753"]
[BlackElo "2767"]
[Annotator "Fernandez,D"]
[PlyCount "64"]
[EventDate "2018.01.13"]
[EventType "tourn"]
[EventRounds "13"]
[EventCountry "NED"]
[EventCategory "20"]
[SourceTitle "CBM 183"]
[Source "ChessBase"]
[SourceDate "2018.03.14"]
[SourceVersion "1"]
[SourceVersionDate "2018.03.14"]
[SourceQuality "1"]
[TimeControl "40/6000+30:20/3000+30:900+30"]

1. Nf3 {[%emt 0:00:00]} d5 {[%emt 0:00:17]} 2. g3 {[%emt 0:00:00]} Nf6 {
[%emt 0:00:41]} 3. Bg2 {[%emt 0:00:00]} c5 {[%emt 0:00:14]} 4. O-O {[%emt 0:00:
03]} Nc6 {[%emt 0:00:08]} 5. d4 {[%emt 0:00:06]} e6 {[%emt 0:00:15]} 6. c4 {
[%emt 0:00:53]} dxc4 {[%emt 0:00:17]} 7. dxc5 {[%emt 0:00:08] Third most
popular after 7.Ne5 and 7.Qa4, but this is a good try for an advantage.} (7.
Qa4) (7. Ne5) ({An even less popular move was featured in the immediate
predecessor, though I actually find it quite interesting:} 7. Na3 $5 cxd4 8.
Nxc4 Bc5 9. b3 (9. a3 $5 {might improve and after} a5 {either Bf4 or the
straightforward gambit} 10. e3 $44) 9... Qe7 10. Nfe5 Nxe5 11. Nxe5 Nd7 $11 {
Carlsen,M-Anand,V London 2017, Black later managed to consolidate his pawn and
press for a while.}) 7... Qxd1 {[%emt 0:00:18]} 8. Rxd1 {[%emt 0:00:06]} Bxc5 {
[%emt 0:00:08]} 9. Nfd2 $5 {[%emt 0:00:06]} (9. Nbd2 c3 10. bxc3 O-O {is
reasonably topical; I actually think White may have something after the} 11.
Ne1 $5 {Le, Q-Harikrishna,P Huaian 2017}) 9... Na5 $1 $11 {[%emt 0:10:27] A
good move which essentially equalises since White can't easily attack the pawn
again.} 10. Na3 {[%emt 0:00:11]} (10. Nc3 Bd7 11. Nce4 Nxe4 12. Nxe4 Bb4 $1 {
with ...Bc6 to come is easy enough for Black}) 10... Bxa3 {[%emt 0:06:23]} 11.
bxa3 {[%emt 0:00:07]} O-O $146 {[%emt 0:08:30]} (11... Nd5 12. Ne4 O-O 13. Bd2
b6 14. Rac1 Ba6 15. Bxa5 bxa5 16. Nc5 Bb5 17. Bxd5 exd5 18. Rxd5 Rfd8 19. Rxd8+
Rxd8 20. Ne4 f5 21. Nc3 Bc6 22. f3 Kf7 23. Kf2 g5 24. Ke3 Rd6 25. Rd1 Re6+ 26.
Kf2 Rh6 27. h4 gxh4 28. gxh4 Rxh4 29. Rd6 Be8 30. Kg2 a4 31. Ra6 Rd4 32. Rxa7+
Ke6 33. Rxh7 Rd2 34. Rc7 Rc2 35. Rxc4 Bb5 36. Rc5 Bxe2 37. Kg3 Bd3 38. Kf4 Kd6
39. Rd5+ {1-0 (39) Carlsen,M (2837)-Harikrishna,P (2744) Riadh 2017}) (11... c3
$5 12. Nb3 Nc4 $132 {is maybe a bit too ambitious from Black, but White needs
to prove this in a precise way.}) 12. Ne4 {[%emt 0:01:49]} Nxe4 {[%emt 0:01:49]
} 13. Bxe4 {[%emt 0:00:05]} e5 {[%emt 0:01:33]} 14. Bb2 {[%emt 0:01:48]} Re8 {
[%emt 0:05:41]} 15. Bc3 {[%emt 0:05:32]} Nc6 {[%emt 0:00:15] White might
appear to have something here but one of the most basic facts about this
position is that the c8-bishop will develop soon, so therefore Black has few
difficulties once a few more moves are played.} 16. Rab1 {[%emt 0:00:04]} h6 {
[%emt 0:14:37] The computer disagrees, but this move is completely the right
one from a schematic point of view. Black would like to play ...Re7 but right
now there is an issue with the back rank, therefore he solves it and then
plays ...Re7.} (16... Nd4 17. Bxd4 exd4 18. Rxd4 Be6 19. Rxb7 Rec8 $11 {
is one other way to play}) 17. f3 {[%emt 0:07:10]} Re7 {[%emt 0:05:59]} 18. Kf2
{[%emt 0:25:29]} f6 {[%emt 0:11:33] Now White must take action reasonably
quickly, or else after ...Be6 and ...Rd8 he risks having his compensation fade.
} 19. Bd5+ {[%emt 0:05:48]} Kh7 {[%emt 0:00:39]} 20. Be4+ {[%emt 0:17:25]} Kg8
{[%emt 0:00:43]} 21. Bb4 {[%emt 0:04:12]} Rc7 {[%emt 0:05:57]} 22. Bd6 {
[%emt 0:01:54]} Rd7 {[%emt 0:00:30]} 23. Bd5+ {[%emt 0:01:08]} Kh8 {[%emt 0:02:
43]} 24. Bxc4 {[%emt 0:03:38]} Nd4 {[%emt 0:01:48]} 25. Bc5 $6 {[%emt 0:00:08]
This move is maybe a bit too compliant.} (25. Bb4 {keeps trying for an
advantage, though I think Black still proves his concept after the precise} Rc7
26. Bd5 Bd7 $1 {It is important to not fear ghosts.} 27. e3 Bc6 $1 $11) 25...
Rc7 {[%emt 0:00:37]} 26. Bxd4 {[%emt 0:00:03]} Rxc4 {[%emt 0:00:33]} 27. Be3 {
[%emt 0:00:04]} b6 {[%emt 0:01:59]} 28. Rd8+ {[%emt 0:00:09]} Kh7 {[%emt 0:00:
06]} 29. Rc1 {[%emt 0:00:02]} Rxc1 {[%emt 0:00:10]} 30. Bxc1 {[%emt 0:00:05]}
Bb7 {[%emt 0:00:06]} 31. Rxa8 {[%emt 0:00:06] Here I might be vaguely tempted
to play a few moves of the bishop endgame as Black, because the doubled pawns
mean only I can be better, but the players had sufficient respect for each
other to agree a draw here.} Bxa8 32. e4 Kg6 $15 1/2-1/2

[Event "Tata Steel-A 80th"]
[Site "Wijk aan Zee"]
[Date "2018.01.14"]
[Round "2"]
[White "Matlakov, Maxim"]
[Black "So, Wesley"]
[Result "1/2-1/2"]
[WhiteElo "2718"]
[BlackElo "2792"]
[Annotator "Fernandez,D"]
[PlyCount "60"]
[EventDate "2018.01.13"]
[EventType "tourn"]
[EventRounds "13"]
[EventCountry "NED"]
[EventCategory "20"]
[SourceTitle "CBM 183"]
[Source "ChessBase"]
[SourceDate "2018.03.14"]
[SourceVersion "1"]
[SourceVersionDate "2018.03.14"]
[SourceQuality "1"]
[TimeControl "40/6000+30:20/3000+30:900+30"]

1. d4 {[%emt 0:00:00]} Nf6 {[%emt 0:00:37]} 2. c4 {[%emt 0:00:00]} e6 {[%emt 0:
00:10]} 3. g3 {[%emt 0:00:00]} d5 {[%emt 0:01:19]} 4. Bg2 {[%emt 0:00:11]} dxc4
{[%emt 0:01:15]} 5. Nf3 {[%emt 0:00:25]} Nc6 {[%emt 0:00:31]} 6. Qa4 {[%emt 0:
02:23]} (6. O-O {is another main move, but I believe ...Rb8 equalises.}) 6...
Bb4+ {[%emt 0:00:12]} 7. Bd2 {[%emt 0:00:22]} Nd5 {[%emt 0:00:07]} 8. Bxb4 {
[%emt 0:01:11]} (8. Qb5 Bxd2+ 9. Nbxd2 c3 10. bxc3 Nxc3 11. Qb2 Na4 12. Qc2 Nb6
13. e3 O-O 14. O-O Qe7 15. Rac1 Rd8 16. Nb3 Rb8 17. Nc5 Nd5 18. a3 h6 19. Rfe1
b6 20. Nxe6 Bxe6 21. Qxc6 Qxa3 22. Ra1 Qd6 23. Qxd6 cxd6 24. Rxa7 Nc3 25. e4 b5
26. d5 Bg4 27. Nd4 b4 28. h3 Bd1 29. e5 b3 30. e6 fxe6 31. Rxe6 Bc2 32. Nxb3
Rxb3 33. Ree7 g5 34. Rac7 Bf5 35. Rg7+ Kh8 36. Rgf7 Ne2+ 37. Kh2 Nd4 {
Harikrishna,P (2755)-Bu,X (2723) Danzhou 2016 0-1}) 8... Ndxb4 {[%emt 0:00:08]}
9. Nc3 {[%emt 0:13:59]} Bd7 {[%emt 0:01:02]} 10. O-O {[%emt 0:01:52]} a5 {
[%emt 0:00:32]} 11. Qd1 {[%emt 0:01:43]} O-O {[%emt 0:00:12]} 12. e3 {[%emt 0:
02:55]} (12. Nd2 $5 {scores extremely well, though it seems Black should
somehow have equality.} Nxd4 13. Bxb7 Rb8 14. Bg2 Bc8 15. Nxc4 Ba6 $1 (15... c5
16. e3 Ba6 17. b3 $14 {Leko,P-Grischuk,A Khanty-Mansiysk 2010, was a better
version for White.}) 16. b3 Bxc4 17. bxc4 Ndc2 $11 {White will be hard pressed
to make anything of the advantage of the bishop.}) 12... a4 {[%emt 0:00:47]}
13. Nxa4 {[%emt 0:10:13] Probably the best try for an edge.} (13. Qe2 $5 {
and now} Na5 14. Ne5 Nd5 15. Nxd5 exd5 16. Bxd5 Bh3 17. Qf3 $5 {Aronian,
L-Kramnik,V Shanghai 2010, was an interesting piece of preparation from White,
but the exchange did eventually tell.}) 13... Nxd4 {[%emt 0:00:38]} 14. Qxd4 {
[%emt 0:00:43]} Bxa4 {[%emt 0:00:06]} 15. Qxc4 {[%emt 0:00:21]} Qe7 {[%emt 0:
00:05] Computers rather like White's position around here, but tend to calm
down quickly.} 16. a3 {[%emt 0:08:01]} Nd5 {[%emt 0:00:42]} 17. Rfc1 {[%emt 0:
10:49]} (17. e4 Nb6 18. Qc3 {might be an interesting way to play - White's
plans like b3, a4, Rfc1, Qc5 are much more immediately obvious than Black's
corresponding ones.}) 17... Rfc8 {[%emt 0:01:06]} 18. b3 {[%emt 0:07:34]} Bc6
$146 {[%emt 0:06:14]} (18... Be8 {is preferred by engines, but I actually
prefer the text. The follow-up after ...Be8 could be} 19. a4 c5 (19... c6 20.
Nd2 {when Black's grip on equality is a bit tenuous.}) 20. Ne1 Nb4 21. Nd3 Nxd3
22. Qxd3 Ra5 23. Qc3 b6 24. Rd1 Ra7 25. h4 {½-½ (25) Van der Hoeven,D (2639)
-Munoz Moreno,F (2525) ICCF email 2010}) 19. Nd4 {[%emt 0:04:02]} Rxa3 {
[%emt 0:00:54] As a human you just know what is going to happen now...} 20.
Nxc6 {[%emt 0:00:54]} bxc6 {[%emt 0:00:06]} 21. Qxc6 {[%emt 0:00:25]} Rxa1 {
[%emt 0:05:19]} 22. Rxa1 {[%emt 0:00:07]} Nf6 {[%emt 0:00:24]} 23. Rc1 {
[%emt 0:09:28]} h5 {[%emt 0:02:48]} 24. Bf3 {[%emt 0:00:57]} Rb8 {[%emt 0:05:
32]} 25. Qxc7 {[%emt 0:04:49]} Qxc7 {[%emt 0:00:05]} 26. Rxc7 {[%emt 0:00:04]}
Rxb3 {[%emt 0:00:05] ...and here it is.} 27. Rc8+ {[%emt 0:00:11]} Kh7 {
[%emt 0:00:06]} 28. Rc7 {[%emt 0:00:05]} Kg8 {[%emt 0:01:18]} 29. Rc8+ {
[%emt 0:00:05]} Kh7 {[%emt 0:00:04]} 30. Rc7 {[%emt 0:00:04]} Kg8 1/2-1/2